000 00264nam a22001217a 4500
008 171019b xxu||||| |||| 00| 0 eng d
041 _aeng
080 _a338
100 _a53
101 _aMNG
245 _aTOUGH-MINDED MANAGEMENT
_cBATTEN, J.D
942 _2udc
_cBK
999 _c34862
_d34862